000 00284nmm a2200097Ia 4500
008 220120s9999||||xx |||||||||||||||||und||
020 _a978-0-07-060092-8
100 _aDigit
245 0 _aGames, gear up, moonbase alpha, kerbal space program demo an
260 _aNine dot Nine
_bNew Delhi
999 _c139957
_d139957